| 000 | 01062 a2200241 4500 | ||
|---|---|---|---|
| 003 | NUST | ||
| 005 | 20230102180342.0 | ||
| 010 | _a 83020380 | ||
| 020 | _a0673159094 (pbk.) | ||
| 040 | _cNust | ||
| 082 | 0 | 0 | _a372.1334,JUD |
| 100 | 1 |
_aJudd, Dorothy H. _9106668 |
|
| 245 | 1 | 0 |
_aMastering the micro : _busing the microcomputer in the elementary classroom / _cDorothy H. Judd, Robert C. Judd. |
| 260 |
_aGlenview, Ill. : _bScott, Foresman, _cc1984. |
||
| 300 |
_aviii, 152 p. : _bill. ; _c23 cm. |
||
| 490 | 0 | _aA Good year book | |
| 505 | _aMicrocomputer Instruction (Page-1), Microcomputer Software (Page-33), Teacher – Made Instructional Programs (Page-61), Implications of CAI and CMI (Page-93), What Else Can a Microcomputer Do For Instruction ? (Page-117). | ||
| 650 | 0 |
_aComputer-assisted instruction _xComputer programs. _9106669 |
|
| 650 | 0 |
_aComputer-assisted instruction _zUnited States. _936489 |
|
| 650 | 0 |
_aEducation, Elementary _zUnited States _xData processing. _9106670 |
|
| 700 | 1 |
_aJudd, Robert C. _9106671 |
|
| 942 |
_2ddc _cBK _k372.1334,JUD |
||
| 999 |
_c185874 _d185874 |
||